| 000 | 00514nam a2200217Ia 4500 | ||
|---|---|---|---|
| 008 | 210210b2002 xxu||||| |||| 00| 0 eng d | ||
| 020 | _a0 19 963818 7 | ||
| 082 | _a581.88 GILM | ||
| 100 | _aGILMARTIN (Philip M) | ||
| 245 | _aMolecular plant biology V2 | ||
| 260 |
_aOxford _bOxford University Press., _c2002 |
||
| 300 | _axxv,332 | ||
| 440 | _a2 | ||
| 650 | _aV2 | ||
| 650 | _aplant | ||
| 650 | _aMolecular | ||
| 650 | _abiology | ||
| 690 | _aBotany | ||
| 700 | _aBOWLER (Chris) | ||
| 906 | _a058899 | ||
| 999 |
_c106181 _d106181 |
||